Die größten Städte mit I - Statistiken

Allgemein
  • Dieses Quiz wurde 218 mal gespielt
  • Das Durchschnittsergebnis liegt bei 5 aus 14
Antwortstatistiken
Einwohner Antwort Land % Korrekt
16.000.000 Istanbul Türkei
97%
3.000.000 Izmir Türkei
72%
1.000.000 Islamabad Pakistan
68%
2.100.000 Indianapolis USA
64%
620.000 Irkutsk Russland
32%
3.350.000 Isfahan Iran
31%
4.000.000 Ibadan Nigeria
29%
2.600.000 Incheon Südkorea
28%
3.525.000 Indore Indien
18%
1.200.000 Ilorin Nigeria
8%
665.000 Ipoh Malaysia
7%
1.020.000 Irbid Jordanien
7%
550.000 Ibagué Kolumbien
4%
725.000 Izhevsk Russland
4%
Keine übereinstimmenden Quizze gefunden
Verteilung der Resultate
Anzahl Personen mit jedem Resultat
Perzentil nach korrekt beantworteten Fragen
Ihre Resultats-Entwicklung
Sie haben dieses Quiz noch nicht gespielt